00189nam a22000857a 4500008004100000082001100041245002600052300001000078440001500088180730b xxu||||| |||| 00| 0 eng d a813.52 aWorld History cEllis a1fCD x0131333429